Návrh využitia princípov špirálového manažmentu v systéme riadenia podniku BOGE Elastmetall Slovakia, a.s.

Saved in:
Bibliographic Details
Main Author: Rédlová, Michaela (Author)
Other Authors: Čambál, Miloš (Thesis advisor)
Format: Manuscript Book
Language:Slovak
Published: 2018
Subjects:
Online Access:http://is.stuba.sk/zp/portal_zp.pl?podrobnosti=138451
Tags: Add Tag
No Tags, Be the first to tag this record!

MARC

LEADER 00000ntm a22000003a 4500
001 stuzp67789
003 SK-STU
005 20180820155257.8
007 ta
008 150427s2015----xo-----f-mn---000-0-slo-d
040 |a STU  |b slo 
041 0 |a slo 
100 1 |a Rédlová, Michaela  |u 064000  |4 aut  |U MTF Materiálovotechnologická fakulta  |T MTF Ústav priemyselného inžinierstva a manažmentu  |X 65560  |U M4000  |Y 84  |7 65560 
242 0 1 |a Proposal to use the principles of spiral management in the management system of BOGE Elastmetall Slovakia, a.s.  |y eng 
245 1 0 |a Návrh využitia princípov špirálového manažmentu v systéme riadenia podniku BOGE Elastmetall Slovakia, a.s. 
260 |c 2018 
650 4 |a technický subsystém  |2 slo 
650 4 |a sociálny subsystém  |2 slo 
650 4 |a špirálový manažment  |2 slo 
650 4 |a systém riadenia  |2 slo 
650 4 |a entropia  |2 slo 
650 4 |a management system  |2 eng 
650 4 |a entropy  |2 eng 
650 4 |a technical subsystem  |2 eng 
650 4 |a social subsystem  |2 eng 
650 4 |a spiral management  |2 eng 
700 1 |a Čambál, Miloš  |u 064000  |k Z1  |4 ths  |U MTF Materiálovotechnologická fakulta  |T MTF Ústav priemyselného inžinierstva a manažmentu  |X 279  |U M4000  |Y 84  |7 A000000279 
856 4 |u http://is.stuba.sk/zp/portal_zp.pl?podrobnosti=138451 
996 |c M* DP-13776  |l MMSKP  |s P  |a 0  |w stuzp67789_0001